| 000 | 00857nam a22002777a 4500 | ||
|---|---|---|---|
| 003 | CHAP | ||
| 005 | 20220329134907.0 | ||
| 008 | 971013s1977 r 00010 d | ||
| 010 | _a27651 | ||
| 011 | _a28623 | ||
| 035 | _a32729 | ||
| 040 | _cCHAP | ||
| 090 | _aFolleto 4049 | ||
| 110 |
_aINIA. México. Campo Agrícola Experimental Pabellón _958504 |
||
| 245 | _aCultivos de temporal en la zona de El Llano, Aguascalientes | ||
| 260 |
_a(s.l.) : _bEl Instituto, _c1977 |
||
| 300 | _apág. varía | ||
| 590 |
_aBATCH-UPD _b10 _c20130110 _lUCH01 _h1032 |
||
| 590 |
_aCONVERSION _b10 _c20130109 _lUCH01 _h1316 |
||
| 650 | 1 | 4 |
_aAgricultura de temporal. _91999 |
| 650 | 1 | 4 |
_aAgricultura _xAguascalientes. _91176 |
| 650 | 1 | 4 |
_aCultivos _xAguascalientes. _930225 |
| 901 | _aBK | ||
| 942 | _cFOLL | ||
| 949 |
_aFolleto 4049 _bBC _cFOLL _d-76301 _eTS1 _i32729 _mD _si |
||
| 999 |
_c27651 _d27651 |
||